000
00336nam a2200133Ia 4500
008
240624s9999 xx 000 0 und d
041
_a
eng
082
_a
006.312 BER
100
_a
BERRY MICHAEL J A
245
_a
MASTERING DATA MINING THE ART AND SCIENC
260
_c
2003
_a
New York
_b
John Wiley
300
_a
xviii, : 494
365
_c
RS
999
_c
1248
_d
1248